Quizzes
Events
Quiz Creation
Community
Videos
Private Events
Remove Ads
Sign In
Join for FREE
Feedback
Dark Mode
Quiz Categories
Sports
Geography
Music
Movies
Television
Just For Fun
Miscellaneous
History
Literature
Language
Science
Gaming
Entertainment
Religion
Holiday
For Kids
Quiz Lab
Recent
Popular Today
Quiz Kudos Today
Editor Picks
Curator Picks
Quizzes by...
Day
Popularity
Type
Ratings
Length
Year
Community
Subscriptions
Recent Discussions
Orange Saloon
Badges
Playlists
Quests
Create
Leaderboards
Showdown
Live 5
Trivia Bingo
Activity
Puzzle Library
Sporcle Events
Private Events
Virtual Trivia
Globe League
Become a Host
Pub Owners
SporcleCon
Opinionation
Our Games
Videos
Blog
Mobile Apps
Partnerships
Remove Ads and Go Orange
Feedback
Movies
Disney
Marvel Cinematic Universe
Movie Resume
Movie Titles
Oscar
Actor
Actress
Director
Pixar
Role
Movie Quotes
Movie Characters
Box Office
Nominee
Best Picture
Star Wars
James Bond
Horror Movies
Movies
Disney
Marvel Cinematic Universe
Movie Resume
Movie Titles
Oscar
Actor
Actress
Director
Pixar
Role
Movie Quotes
Movie Characters
Box Office
Nominee
Best Picture
Star Wars
James Bond
Horror Movies
Random Quiz
Search Sporcle
×
Quiz Lab
Quiz Lab
Movies
Movie Quotes
Type in answers that appear in a list
Type in answers that appear in a list
Classic
Best Score? Go Orange.
Movie Quotes (1990s-present) Stats
Can you name the Movie Quotes (1990s-present)?
By
spmk1017
5m
20 Questions
3,273 Plays
3,273 Plays
3,273 Plays
Comments
Comments
Give Quiz Kudos
Give Quiz Kudos
-
- Ratings
hide this ad
Replay
Link that replays current quiz
Next Quiz
Link to next quiz in quiz playlist
You Got
0%
They Got
Avg Score
55%
Avg Friend Score
Upgrade to see
Score Distribution
Jump to the score distribution portion of the page
Score
0/20
Timer
05:00
0
Plays Today
Quote
Movie
% Correct
'I have nipples, Greg, could you milk me?'
Meet the Parents
83.4%
'Stupid is as stupid does.'
Forrest Gump
80.5%
'Have you ever wondered if there was more to life, other than being really, really, ridiculously good looking?'
Zoolander
77.9%
'You can't handle the truth!'
A Few Good Men
77.5%
'Wanna know how I got these scars?'
The Dark Knight
76.3%
'Shut up, just shut up. You had me at 'hello'.'
Jerry Maguire
74.6%
'You realize we're all going to go to college as virgins. They probably have special dorms for people like us. '
American Pie
74.2%
'Ready your breakfast and eat hearty... For tonight, we dine in hell! '
300
66.4%
'I'm sorry that people are so jealous of me... but I can't help it that I'm so popular.'
Mean Girls
62.5%
'You know the difference between you and me? I make this look good. '
Men in Black
54.1%
Quote
Movie
% Correct
'I'm in a glass case of emotion'
Anchorman
52.3%
'Remember, remember the 5th of November. The gunpowder, treason, and plot. I know of no reason why the gunpowder treason should ever be forgot. '
V for Vendetta
51.9%
'You know how they say we only use 10 percent of our brains? I think we only use 10 percent of our hearts.'
Wedding Crashers
45.3%
'I see you're drinking 1%. Is that 'cause you think you're fat? 'Cause you're not. You could be drinking whole if you wanted to.'
Napoleon Dynamite
44.5%
'There's a ninety-
five pound Chinese man with a hundred sixty million dollars behind this door. '
Ocean's Eleven
44.3%
'We who are about to die, salute you!'
Gladiator
41.6%
'What Freud said about the Irish is: We're the only people who are impervious to psychoanalysis.'
The Departed
35.7%
'That's the one good thing about Paris: there's a lot of girls willing to take their clothes off.'
Titanic
29.1%
'We all end up dead, it's just a question of how and why.'
Braveheart
16.3%
'In this town, murder's a form of entertainment.'
Chicago
13.7%
Quiz Playlist
Details
Report
Send in Message
Add To Playlist
Classic:
Type in answers that appear in a list
Last Updated: Feb 16, 2017
Quiz Scoreboard
CHALLENGE
Sign Up to Join the Scoreboard
Show All
Scores
Hide
Comments
May contain spoilers
Recently Published
College Basketball Coaching Resumes
by pancakes188
Sports
9m
Billboard Blitz: Fleetwood Mac
by CooCooCachoo
Music
15s
Presidents Visiting Landmarks
by Hejman
History
7m
More to Explore
Quiz From the Vault
Featured Blog Post
Where Did the Easter Bunny Come From?
hide this ad
You Might Also Like...
Tags
Movie Quotes Quiz
Quote Quiz
1990s
Today's Top Quizzes in Movies
Browse Movies
hide this ad
Today's Top Quizzes in Movie Quotes
Browse Movie Quotes
Top Contributed Quizzes in Movies
1
Pick 5 Posters: Directed by Spielberg
2
7-to-1: Pixar Characters
3
Pick 5 Posters: Lowest-Rated Spielberg
4
Sorting Actors
5
Pick 5 Posters: Directed by Scorsese
6
Sorting Actresses
7
Pick 5 Posters: Star & Director
8
Pick 5 Posters: Women Directed 2020s
9
12 Movies about Fictional 1960s Events
10
Multi-Oscar Nominations, One Movie, One Winner
Explore More
Trending Topics
Kpop
Disney
NBA
Marvel
Crossword
Anime
Harry Potter
Soccer
NFL
Country
Song
Puzzle
The Office
Pokémon
WWE
hide this ad
More By:
spmk1017
Quiz
Plays
Rating
Category
Featured
Created
Movie Quotes (1990s-present)
3,273
3.45
Movies
Dec 12, 2009
Go to Creator's Profile
Score Distribution
Quiz Creator Spotlight
spmk1017
Follow
Send a Message
Quizzes Created
-
Created Quiz Play Count
-
More By This Creator
Popular Quizzes Today
1
Find the US States - No Outlines Minefield
2
Find the Countries of Europe - No Outlines Minefield
3
The Countries of the World
4
Find the US States
5
Risky Map Clicking: Biggest States A-Z
6
US States
7
Popular People in 1961
8
Movies - When Are They Set?
More Movies Quizzes
7 Dwarfs Alphabetically Backwards
Quiz Lab
Trending Quizzes
Risky Map Clicking: Least Populous States A-Z
1-10 Letter G Words
1-10 Letter F Words
Risky Map Clicking: Next State Alphabetically
Risky Map Clicking: Biggest States A-Z
Recently Updated
Leaping Animals
pecheneg
Reality TV Shows (A-Z)
bhenderson79
Rickey Henderson's Hall of Fame Teammates
pecheneg
Champions League XIs: Arsenal
pecheneg
Quick Pick: Celebrities in WWE's Hall of Fame
aduchscher
A-Z Keypad Blitz II
pecheneg
Multiple Oscar Actors
pecheneg
Mystery Phrase Blitz: Oscar 'Best Actors'
pecheneg
F. Scott Fitzgerald Novels
LTH
Pick 3 Villains
ddd62291
Trending Topics
Disney
Marvel
Crossword
Kpop
Harry Potter
Anime
NBA
Country
WWE
The Office
Puzzle
NFL
Soccer
Pokémon
Song
Your Account Isn't Verified!
In order to create a playlist on Sporcle, you need to verify the email address you used during registration. Go to your
Sporcle Settings
to finish the process.
Report this User
Report this user for behavior that violates our
Community Guidelines
.
Details:
Send Report
Go to the Sporcle.com Mobile Site →
Comments